• 首页
  • 本馆介绍
  • 公告通知
  • 最新文献
  • 馆藏检索
  • 电子资源
  • 读者导购
  • 参考咨询
  • 我的图书馆
  • 登录
  • 详细信息显示
  • 放入我的书架
  • 预约/预借图书
  • 作者相关作品
  • 分类相关作品
  • 丛书相关作品
  • 出版社相关作品

书目信息

  • 表格格式
  • 工作单格式
  • 卡片格式
题名:
一个人走
    
 
作者: 鞠庆 著
分册:  
出版信息: 上海   上海社会科学院出版社  2004
页数: 171页
开本: 23cm
丛书名:
单 册:
中图分类: I266.4
科图分类:
主题词: 游记--中国--现代--选集
电子资源:
ISBN: 7-80681-525-2
000 00991nam0 2200253 450
001 TS2006037976
005 20061206145538.46
010    @a7-80681-525-2@dCNY29.80
100    @a20060829d2004 em y0chiy0120 ea
101 0  @achi
102    @aCN@b310000
105    @aa z 000cy
200 1  @a一个人走@AYi Ge Ren Zou@dAlone on the Road@e都市女子背包独行手记@EDu Shi Nu^ Zi Bei Bao Du Xing Shou Ji@f鞠庆著@FJu Qing Zhu@zeng
210    @a上海@c上海社会科学院出版社@d2004
215    @a171页@c彩照@d23cm
314    @a鞠庆,笔名七七,网名烟熏嗓。双子座女子。医生、行者、专栏作者。
330    @a本书系作者行走泰国、丽江、大理、虎跳峡、越南、原始森林、香港、喀斯特地貌等地的游记作品。
510 1  @aAlone on the Road@eTravels of a Woman with Her Knapsack@zeng
517 1  @a都市女子背包独行手记@ADu Shi Nu^ Zi Bei Bao Du Xing Shou Ji
606 0  @a游记@y中国@z现代@x选集
690    @aI266.4@v4
701  0 @a鞠庆@AJu Qing@4著
801  0 @aCN@b中图数据@c20061206
905    @a10447@dI266.4@e1059
    
    一个人走=Alone on the Road:都市女子背包独行手记/鞠庆著.-上海:上海社会科学院出版社,2004
    171页:彩照;23cm
    
    
    ISBN 7-80681-525-2:CNY29.80
    本书系作者行走泰国、丽江、大理、虎跳峡、越南、原始森林、香港、喀斯特地貌等地的游记作品。
●
相关链接 在E读中查询图书 在五车中查询图书 在当当中查询图书 在豆瓣中查询图书


正题名:一个人走     索取号:I266.4/1059         预约/预借

序号 登录号 条形码 馆藏地/架位号 状态 备注
1 0616099   206160991   第一样本阅览室/ [索取号:I266.4/1059] 在馆    
2 0616100   206161008   第二借阅区/ [索取号:I266.4/1059] 在馆    
唐山师范学院图书馆 欢迎您!
大连网信软件有限公司© 版权所有